Belgie míří k nejisté jistotě
Úvahy o budúcnosti Belgického kráľovstva a o problémoch spolužitia Flámov a Valónov. Hľadanie prijateľnej formy spolužitia alebo separácia. Otvorená otázka, kde by patrila metropola Belgicka, Brusel, v prípade rozdelenia kráľovstva.
Salvato in:
| Autore principale: | |
|---|---|
| Natura: | Capitolo di libro |
| Lingua: | ceco |
| Soggetti: | |
| Tags: |
Nessun Tag, puoi essere il primo ad aggiungerne!!
|
MARC
| LEADER | 00000naa a2200000 4500 | ||
|---|---|---|---|
| 001 | 0121778 | ||
| 005 | 20231016094148.8 | ||
| 041 | 0 | |a cze | |
| 044 | |a CZ | ||
| 245 | 1 | 0 | |a Belgie míří k nejisté jistotě |c Adam Černý |
| 520 | |a Úvahy o budúcnosti Belgického kráľovstva a o problémoch spolužitia Flámov a Valónov. Hľadanie prijateľnej formy spolužitia alebo separácia. Otvorená otázka, kde by patrila metropola Belgicka, Brusel, v prípade rozdelenia kráľovstva. | ||
| 610 | 2 | 0 | |a politika vnútorná |
| 610 | 2 | 0 | |a národ |
| 610 | 2 | 0 | |a národnosti |
| 610 | 2 | 0 | |a štát |
| 610 | 2 | 0 | |a konflikty etnické |
| 610 | 2 | 0 | |a Belgicko |
| 100 | 1 | |a Černý, Adam | |